La conquista del espacio : Archivo /

Guardado en:
Autor Principal: DIDACO.
Formato: Deslizar
Series:Audiovisual Combi
Materias:
SOL
Etiquetas: Agregar Etiqueta
Sin Etiquetas, Sea el primero en etiquetar este registro!
LEADER 01142ngm a22003375g 4500
001 CEM.cems021999
008 130507b1993##################0###0#####d
005 20240924170347.0
245 1 0 |a La conquista del espacio :  |b Archivo /  |c DIDACO. 
300 |a 13'. 
490 0 |a Audiovisual Combi 
500 |a En soporte VHS, consultar en ventanilla. 
505 0 |a Imágenes: Gagarín. Base soviética. Skylab. Transbordador espacial. Agujero negro. Apolo XVI. Los planetas. Asteroides. El sol. Cinturones Van Allen. Viento solar y auroras boreales. Erupciones solares. 
538 |a Soporte: VHS - Norma: Pal N - Color - Grabación DRD 1993 - Hitachi=5754 
100 1 |a DIDACO. 
082 5 2 |/ NAS-2 
653 |a ASTRONOMIA 
653 |a ASTRONAUTICA 
653 |a ESPACIO 
653 |a GAGARIN 
653 |a SKYLAB 
653 |a TRANSBORDADOR ESPACIAL 
653 |a AGUJERO NEGRO 
653 |a APOLO XVI 
653 |a PLANETAS 
653 |a ASTEROIDES 
653 |a SOL 
653 |a VAN ALLEN 
653 |a NIVEL PRIMARIO 
653 |a NIVEL SECUNDARIO 
859 |a CEMS  |b BIB. CEMS - Depto. Recursos Didacticos  |h 520  |i NAS-2  |k DRD  |p 642.12  |t Ej.1